Ley de enjuiciamiento civil reformada para las islas de Cuba y Puerto Rico con la jurisprudencia del Tribunal Supremo. (Record no. 153752)

MARC details
000 -LEADER
campo de control de longitud fija 01037nam a22002655i 4500
001 - NÚMERO DE CONTROL
campo de control 153752
003 - IDENTIFICADOR DE NÚMERO DE CONTROL
campo de control ES-MaACL
005 - FECHA Y HORA DE LA ÚLTIMA TRANSACCIÓN
campo de control 20250827062630.0
008 - DATOS DE LONGITUD FIJA--INFORMACIÓN GENERAL
campo de control de longitud fija 950223m18851886sp |||| | spa d
040 ## - FUENTE DE CATALOGACIÓN
Centro catalogador/agencia de origen CARM
Lengua de catalogación spa
Centro/agencia transcriptor CCPB | SIC
110 1# - ENTRADA PRINCIPAL--NOMBRE DE ENTIDAD CORPORATIVA
Nombre de entidad corporativa o nombre de jurisdicción como elemento de entrada España
9 (RLIN) 3622
240 10 - TÍTULO UNIFORME
Título uniforme Ley de enjuiciamiento civil reformada para las Islas de Cuba y Puerto Rico, 1885
245 10 - MENCIÓN DEL TÍTULO
Título Ley de enjuiciamiento civil reformada para las islas de Cuba y Puerto Rico con la jurisprudencia del Tribunal Supremo.
260 ## - PUBLICACIÓN, DISTRIBUCIÓN, ETC.
Lugar de publicación, distribución, etc. Madrid :
Nombre del editor, distribuidor, etc. [s.n.],
Fecha de publicación, distribución, etc. 1885-1886 (
Fabricante Establecimiento Tipográfico de P. Núñez)
300 ## - DESCRIPCIÓN FÍSICA
Extensión 2 v.(288 ; 291 p.) ;
Dimensiones 18 cm.
490 1# - MENCIÓN DE SERIE
Mención de serie Biblioteca judicial ;
Designación de volumen o secuencia 20, 21
597 ## - NOTA DE DESCRIPCIÓN FÍSICA
NOTA DE DESCRIPCIÓN FÍSICA Signaturizado.
597 ## - NOTA DE DESCRIPCIÓN FÍSICA
NOTA DE DESCRIPCIÓN FÍSICA Anteps.
710 1# - ENTRADA AGREGADA--NOMBRE DE ENTIDAD CORPORATIVA
Nombre de entidad corporativa o nombre de jurisdicción como elemento de entrada Puerto Rico.
Título de la obra Ley de enjuiciamiento civil.
9 (RLIN) 187811
710 11 - ENTRADA AGREGADA--NOMBRE DE ENTIDAD CORPORATIVA
Nombre de entidad corporativa o nombre de jurisdicción como elemento de entrada Cuba.
Título de la obra Ley de enjuiciamiento civil.
9 (RLIN) 134315
752 ## - ENTRADA AGREGADA--NOMBRE JERÁRQUICO DEL LUGAR
País o entidad superior España -
Ciudad Madrid
830 0# - PUNTO DE ACCESO ADICIONAL DE SERIE-TÍTULO UNIFORME
Título uniforme Biblioteca judicial ;
Designación de volumen o secuencia 20, 21
9 (RLIN) 181856
852 ## - LOCALIZACIÓN
Ubicación ES-MaACL
Número de control de estantería B-6712-6713
Nota libre -- Enc. pasta española
Holdings
Estatus retirado Estado de pérdida Estado de daño No para préstamo Colección Biblioteca de origen Biblioteca actual Ubicación en estantería Fecha de adquisición Fuente de adquisición Total de préstamos Signatura topográfica completa Código de barras Visto por última vez Precio de reemplazo Tipo de ítem Koha
        Libros del s. XIX Biblioteca del Ateneo de Madrid Biblioteca del Ateneo de Madrid Sala Pardo Bazán 17/01/2008     B-6712-6713 1160741 23/02/2023 23/02/2023 Libro impreso antiguo